|
|
|
|
| LEADER |
00000nam a22000007a 4500 |
| 005 |
20171122153128.0 |
| 007 |
cr|||| |||| |
| 008 |
171122s2017 mx |||||s|||| 00||0 spa d |
| 020 |
|
|
|a 978-607-95408-9-0
|
| 035 |
|
|
|a 20850
|
| 040 |
|
|
|a vlex
|
| 090 |
|
|
|c 7223
|d 7223
|
| 100 |
1 |
|
|a Gonzl̀ez Licea, Genaro
|
| 245 |
1 |
3 |
|a La sentencia en la vida cotidiana
|h [Recurso electrn̤ico] /
|c Genaro Gonzl̀ez Licea
|
| 256 |
|
|
|a Servicio en ln̕ea
|
| 260 |
|
|
|a Ciudad de Mx̌ico:
|b Criminogenesis,
|c 2017
|
| 300 |
|
|
|a 1 recurso electrn̤ico
|
| 506 |
1 |
|
|a Disponible solo en los productos indicados
|d vLex Global
|d vLex Global (Academic Edition, excluding Law Schools)
|d vLex Global (U.S. Academic Edition, Law Schools)
|d vLex Global (U.S. Academic Edition, excluding Law Schools)
|d vLex Global (Academic Edition, Law Schools)
|
| 650 |
0 |
4 |
|a Derecho Constitucional
|z Mx̌ico
|
| 740 |
0 |
|
|a vLex Libros (Servicio en ln̕ea)
|
| 856 |
4 |
0 |
|u http://vlex.com/source/sentencia-en-la-vida-cotidiana-20850
|z Acceso restringido
|
| 942 |
|
|
|c BOOK
|
| 999 |
0 |
|
|a Constitutional law
|